[Event "CAT-ch Open-Women 2019"]
[Site "Platja de la Pineda"]
[Date "2019.04.21"]
[Round "6.10"]
[White "Millaret Lores, Francesc"]
[Black "Pellicer Roncero, Nestor"]
[Result "1-0"]
[WhiteElo "2028"]
[BlackElo "1972"]
[Annotator "NA"]
[PlyCount "95"]
[EventDate "2019.04.18"]
[EventType "swiss"]
[EventCountry "ESP"]
[SourceTitle "playchess.com"]
[Source "ChessBase"]
[SourceQuality "1"]
[TimeControl "5400+30"]

1. e4 c5 2. Nf3 e6 3. d4 cxd4 4. Nxd4 a6 5. Bd3 Nc6 6. Nf3 Nf6 7. O-O d5 8. e5 Nd7 9. Re1 Be7 10. c3 O-O 11. Qc2 g6 12. Bh6 Re8 13. Nbd2 Bf8 14. Bxf8 Rxf8 15. Nb3 Qc7 16. Qe2 Kg7 17. Rad1 b5 18. Nbd4 Nxd4 19. Nxd4 Nc5 20. Bb1 f5 21. exf6+ Rxf6 22. g3 Bd7 23. Qe5 Qxe5 24. Rxe5 Na4 25. Rd2 Nb6 26. Bd3 Nc4 27. Bxc4 bxc4 28. Rde2 Rb8 29. Kg2 Rb6 30. g4 Rf8 31. Nxe6+ Bxe6 32. Rxe6 Rfb8 33. Rxb6 Rxb6 34. g5 Rb5 35. h4 h6 36. f4 hxg5 37. hxg5 Kf7 38. Kf2 Rb6 39. Ke1 a5 40. a4 Rb8 41. Kf2 Rb6 42. Kf3 Rb8 43. Kg4 Rb6 44. f5 gxf5+ 45. Kxf5 Rb7 46. g6+ Kf8 47. Kf6 Rb6+ 48. Re6 1-0

[Event "CAT-ch Open-Women 2019"]
[Site "Platja de la Pineda"]
[Date "2019.04.21"]
[Round "6.11"]
[White "Gonzalez Vericat, Sergio"]
[Black "Herrera Reyes, Jose Antonio"]
[Result "0-1"]
[WhiteElo "2122"]
[BlackElo "2355"]
[Annotator "NA"]
[PlyCount "86"]
[EventDate "2019.04.18"]
[EventType "swiss"]
[EventCountry "ESP"]
[SourceTitle "playchess.com"]
[Source "ChessBase"]
[SourceQuality "1"]
[TimeControl "5400+30"]

1. b3 c5 2. Nf3 e6 3. Bb2 b6 4. g3 Bb7 5. Bg2 Nf6 6. O-O Be7 7. d3 d6 8. Nbd2 Nbd7 9. e4 Qc7 10. a4 a6 11. Qe2 O-O 12. Ne1 d5 13. e5 Ne8 14. f4 g6 15. g4 Ng7 16. g5 b5 17. Nef3 c4 18. bxc4 bxc4 19. dxc4 Nb6 20. cxd5 Nxd5 21. Nd4 Nh5 22. Qc4 Qd8 23. Qb3 Rb8 24. c4 Ba8 25. cxd5 Rxb3 26. N2xb3 Bxd5 27. Bxd5 Qxd5 28. Rac1 Bb4 29. Rf3 Qe4 30. Rcf1 Rb8 31. Ba1 Rc8 32. Bb2 Be7 33. Bc1 Rc4 34. Re3 Qd5 35. Bb2 Rxa4 36. Rc3 Ra2 37. Rc8+ Kg7 38. f5 Bxg5 39. Nxe6+ fxe6 40. f6+ Kh6 41. f7 Be3+ 42. Rf2 Bxf2+ 43. Kf1 Qd3+ 0-1

[Event "CAT-ch Open-Women 2019"]
[Site "Platja de la Pineda"]
[Date "2019.04.21"]
[Round "6.11"]
[White "Guix Torres, David"]
[Black "Martin Perez, Laura"]
[Result "1/2-1/2"]
[WhiteElo "1972"]
[BlackElo "2105"]
[Annotator "NA"]
[PlyCount "49"]
[EventDate "2019.04.18"]
[EventType "swiss"]
[EventCountry "ESP"]
[SourceTitle "playchess.com"]
[Source "ChessBase"]
[SourceQuality "1"]
[TimeControl "5400+30"]

1. e4 c5 2. d4 cxd4 3. c3 Nf6 4. e5 Nd5 5. Nf3 Nc6 6. Bc4 Nb6 7. Bb3 d5 8. exd6 Qxd6 9. O-O e6 10. cxd4 Be7 11. Nc3 a6 12. Qd3 Nb4 13. Qe4 N4d5 14. Re1 Nf6 15. Qd3 O-O 16. Bg5 h6 17. Bh4 Nfd5 18. Bxe7 Nxe7 19. Ne4 Qd8 20. Bc2 g6 21. Ne5 Nbd5 22. Qh3 Kg7 23. Rad1 Nf5 24. Nc3 Nde7 25. Be4 1/2-1/2

[Event "CAT-ch Open-Women 2019"]
[Site "Platja de la Pineda"]
[Date "2019.04.21"]
[Round "6.12"]
[White "Gomez Anadon, Daniel"]
[Black "Jareno Badenas, Aleix"]
[Result "1-0"]
[WhiteElo "2271"]
[BlackElo "2055"]
[Annotator "NA"]
[PlyCount "149"]
[EventDate "2019.04.18"]
[EventType "swiss"]
[EventCountry "ESP"]
[SourceTitle "playchess.com"]
[Source "ChessBase"]
[SourceQuality "1"]
[TimeControl "5400+30"]

1. e4 e6 2. d3 d5 3. Nd2 Nf6 4. Ngf3 c5 5. g3 Nc6 6. Bg2 Be7 7. O-O O-O 8. Re1 b5 9. e5 Nd7 10. Nf1 a5 11. h4 b4 12. h5 a4 13. h6 g6 14. N1h2 a3 15. b3 Nd4 16. Nxd4 cxd4 17. Nf3 Qb6 18. Bg5 Bc5 19. Qd2 Bb7 20. Qf4 Rac8 21. Re2 Rfe8 22. Kh2 Nb8 23. Nxd4 Nc6 24. Nf3 Na7 25. Qf6 Bf8 26. Be3 Qa5 27. Ng5 Rc7 28. Rh1 Ba8 29. Kg1 Rd7 30. Rh4 Qd8 31. Qf4 Nb5 32. Bd2 Nc3 33. Bxc3 bxc3 34. d4 Qa5 35. Re3 Bb7 36. Bf1 Rc8 37. Rf3 Qc7 38. Qf6 Ra8 39. Bd3 Qd8 40. Qf4 Qe7 41. Re3 Rc7 42. Bf1 Ba6 43. Bh3 Bc8 44. Nf3 Ba6 45. Bg2 Rb8 46. Rh3 Rbc8 47. g4 Rb8 48. Qg3 Qb4 49. Qf4 Rbc8 50. Re1 Bb5 51. Qe3 Ba6 52. Nh2 Bb5 53. f4 Bd7 54. Nf3 Be7 55. Kh1 Rb8 56. Rg1 Qa5 57. Bf1 Bb5 58. Bg2 Bd7 59. Rg3 Rb4 60. Bh3 Rb8 61. f5 Qb4 62. Rf1 Bb5 63. Rf2 Bd7 64. fxe6 Bxe6 65. g5 Rcc8 66. Ng1 Bxh3 67. Nxh3 Qb6 68. Rg4 Rb7 69. Rgf4 Bd8 70. Qf3 Qe6 71. Rg4 Bb6 72. Nf4 Qf5 73. Nxd5 Qxf3+ 74. Rxf3 Rd8 75. Nxb6 1-0

[Event "CAT-ch Open-Women 2019"]
[Site "Platja de la Pineda"]
[Date "2019.04.21"]
[Round "6.12"]
[White "Fernandez Aguilar, Francisco"]
[Black "Rodon Balcells, Jaume"]
[Result "1-0"]
[WhiteElo "2132"]
[BlackElo "1862"]
[Annotator "NA"]
[PlyCount "49"]
[EventDate "2019.04.18"]
[EventType "swiss"]
[EventCountry "ESP"]
[SourceTitle "playchess.com"]
[Source "ChessBase"]
[SourceQuality "1"]
[TimeControl "5400+30"]

1. Nf3 Nf6 2. g3 d5 3. Bg2 e6 4. O-O Be7 5. d4 O-O 6. c4 c5 7. cxd5 Nxd5 8. Nc3 Nxc3 9. bxc3 Nc6 10. e4 b6 11. d5 Na5 12. Bf4 g5 13. Bc1 Bb7 14. h4 gxh4 15. Bh6 hxg3 16. Bxf8 gxf2+ 17. Rxf2 Bxf8 18. Ne5 f5 19. exf5 Bg7 20. f6 Bxf6 21. Qg4+ Bg5 22. Qxe6+ Kg7 23. Rf7+ Kh8 24. Rxh7+ Kxh7 25. Qg6+ 1-0

[Event "CAT-ch Open-Women 2019"]
[Site "Platja de la Pineda"]
[Date "2019.04.21"]
[Round "7.1"]
[White "Diaz Camallonga, Carles"]
[Black "Munoz, Miguel"]
[Result "1/2-1/2"]
[WhiteElo "2432"]
[BlackElo "2509"]
[Annotator "ChessBase"]
[PlyCount "36"]
[EventDate "2019.04.18"]
[EventType "swiss"]
[EventCountry "ESP"]
[SourceTitle "playchess.com"]
[Source "ChessBase"]
[SourceQuality "1"]
[TimeControl "5400+30"]

1. e4 d5 2. exd5 Qxd5 3. Nc3 Qa5 4. d4 Nf6 5. Bd2 Bg4 6. f3 Bd7 7. Bc4 Qb6 8. Nge2 e6 9. O-O Be7 10. Kh1 O-O 11. a4 a5 12. Ne4 Bc6 13. Bd3 Nbd7 14. c3 Qxb2 15. Rb1 Qa2 16. Ra1 Qb2 17. Rb1 Qa2 18. Ra1 Qb2 1/2-1/2

[Event "CAT-ch Open-Women 2019"]
[Site "Platja de la Pineda"]
[Date "2019.04.21"]
[Round "7.1"]
[White "Jimenez Ruano, Adrian"]
[Black "Boixader Arbo, Xavier"]
[Result "1-0"]
[WhiteElo "2287"]
[BlackElo "2154"]
[Annotator "NA"]
[PlyCount "75"]
[EventDate "2019.04.18"]
[EventType "swiss"]
[EventCountry "ESP"]
[SourceTitle "playchess.com"]
[Source "ChessBase"]
[SourceQuality "1"]
[TimeControl "5400+30"]

1. d4 Nf6 2. Nf3 c5 3. d5 g6 4. c4 d6 5. Nc3 Bg7 6. h3 e5 7. e4 a6 8. Bg5 Qe7 9. Qd2 h6 10. Be3 Nh5 11. Be2 Nd7 12. Rb1 Nhf6 13. a3 g5 14. Nh2 Nf8 15. Ng4 Ng6 16. Nxf6+ Qxf6 17. g3 Bd7 18. Qc2 Qd8 19. b4 b6 20. Bg4 Nf8 21. Kd2 h5 22. Bf5 Bf6 23. Rb2 Rc8 24. bxc5 bxc5 25. Bxd7+ Nxd7 26. Qa4 O-O 27. Rhb1 Kg7 28. Rb7 Nb8 29. Kd3 Kg6 30. Bd2 Bg7 31. g4 hxg4 32. hxg4 Qf6 33. Be3 Qf3 34. Ne2 Bf6 35. Qd1 Qh3 36. Ng3 Rh8 37. Qf3 Rcd8 38. Rh1 1-0

[Event "CAT-ch Open-Women 2019"]
[Site "Platja de la Pineda"]
[Date "2019.04.21"]
[Round "7.2"]
[White "Gonzalez Garcia, Jose"]
[Black "Perez Mitjans, Orelvis"]
[Result "1/2-1/2"]
[WhiteElo "2492"]
[BlackElo "2377"]
[Annotator "ChessBase"]
[PlyCount "99"]
[EventDate "2019.04.18"]
[EventType "swiss"]
[EventCountry "ESP"]
[SourceTitle "playchess.com"]
[Source "ChessBase"]
[SourceQuality "1"]
[TimeControl "5400+30"]

1. d4 Nf6 2. c4 g6 3. g3 Bg7 4. Bg2 O-O 5. Nc3 d6 6. Nf3 Nc6 7. O-O Bg4 8. d5 Na5 9. Nd2 c5 10. Qc2 a6 11. b3 b5 12. h3 Bd7 13. Bb2 bxc4 14. bxc4 Rb8 15. Rab1 e5 16. dxe6 fxe6 17. Nce4 Rxb2 18. Rxb2 Nxe4 19. Nxe4 Bxb2 20. Qxb2 Bc6 21. Qc3 Nb7 22. Rd1 Qe7 23. Qb2 Bxe4 24. Bxe4 Nd8 25. Qb6 Qf6 26. Bf3 Nf7 27. Qxa6 h5 28. Rxd6 Nxd6 29. Qxd6 h4 30. g4 Rd8 31. Qxc5 Rd1+ 32. Kg2 Qa1 33. Qe7 Rh1 34. Qxe6+ Kf8 35. Qd6+ Kg7 36. Qe7+ Kh8 37. Qxh4+ Kg7 38. Qe7+ Kh8 39. Kg3 Qg1+ 40. Bg2 Qh2+ 41. Kf3 Rc1 42. Qe3 Rg1 43. Qh6+ Kg8 44. Qxg6+ Kf8 45. Qh6+ Ke8 46. Qh5+ Kf8 47. Qh8+ Kf7 48. Qh7+ Kf8 49. Qf5+ Ke8 50. Qh5+ 1/2-1/2

[Event "CAT-ch Open-Women 2019"]
[Site "Platja de la Pineda"]
[Date "2019.04.21"]
[Round "7.2"]
[White "Garcia Jimenez, Francisco Javier"]
[Black "Jul Perez, Alberto"]
[Result "1-0"]
[WhiteElo "2254"]
[BlackElo "1945"]
[Annotator "NA"]
[PlyCount "56"]
[EventDate "2019.04.18"]
[EventType "swiss"]
[EventCountry "ESP"]
[SourceTitle "playchess.com"]
[Source "ChessBase"]
[SourceQuality "1"]
[TimeControl "5400+30"]

1. e4 c5 2. Nc3 e6 3. Nge2 d5 4. exd5 exd5 5. d4 Be6 6. g3 Nc6 7. Bg2 cxd4 8. Nxd4 Bc5 9. Nxe6 fxe6 10. Qh5+ g6 11. Qg4 Qf6 12. O-O h5 13. Qg5 Qf7 14. Bd2 h4 15. gxh4 Rh5 16. Qg3 Nge7 17. Bg5 Nf5 18. Qg4 Be7 19. Rae1 Ncd4 20. Bxe7 Kxe7 21. Nxd5+ Kd7 22. Ne3 Rxh4 23. Qd1 Nd6 24. Ng4 Qf4 25. h3 Rxh3 26. Bxh3 Nf3+ 27. Qxf3 Qxf3 28. Ne5+ Kd8 1-0

[Event "CAT-ch Open-Women 2019"]
[Site "Platja de la Pineda"]
[Date "2019.04.21"]
[Round "7.3"]
[White "Oratovsky, Michael"]
[Black "Guerra Mendez, Jose Angel"]
[Result "0-1"]
[WhiteElo "2455"]
[BlackElo "2531"]
[Annotator "ChessBase"]
[PlyCount "108"]
[EventDate "2019.04.18"]
[EventType "swiss"]
[EventCountry "ESP"]
[SourceTitle "playchess.com"]
[Source "ChessBase"]
[SourceQuality "1"]
[TimeControl "5400+30"]

1. e4 e5 2. Bc4 Nf6 3. d3 Nc6 4. Nf3 Bc5 5. c3 a6 6. Nbd2 d6 7. Bb3 O-O 8. Nf1 h6 9. Ng3 Be6 10. O-O Re8 11. Bxe6 fxe6 12. b4 Ba7 13. a4 Ne7 14. Be3 Ng6 15. Bxa7 Rxa7 16. d4 Ra8 17. dxe5 Nxe5 18. Nxe5 dxe5 19. Qb3 Kh8 20. Rfd1 Qe7 21. f3 Red8 22. Nf1 Ne8 23. Ne3 Nd6 24. Ng4 Nf7 25. a5 Rxd1+ 26. Rxd1 h5 27. Ne3 Rd8 28. Rxd8+ Nxd8 29. Qd1 Nf7 30. Nc4 Kg8 31. Qd2 Qe8 32. f4 Qc6 33. Nxe5 Nxe5 34. fxe5 Qxe4 35. h3 Qxe5 36. Qd8+ Kh7 37. Qd3+ Kh6 38. Qd2+ Kg6 39. Qd3+ Kg5 40. Qd2+ Kf5 41. Qd3+ Qe4 42. Qg3 g5 43. Qf2+ Kg6 44. Qc5 c6 45. Qe7 g4 46. Qe8+ Kg5 47. Qd8+ Kf4 48. Qd6+ Ke3 49. hxg4 hxg4 50. Qd1 g3 51. Qe1+ Kf4 52. Qf1+ Ke5 53. Qc1 Qf4 54. Qe1+ Kd5 0-1

[Event "CAT-ch Open-Women 2019"]
[Site "Platja de la Pineda"]
[Date "2019.04.21"]
[Round "7.3"]
[White "Bravo Barranco, Narciso"]
[Black "Ruiz Herrero, Victor"]
[Result "1-0"]
[WhiteElo "2252"]
[BlackElo "1924"]
[Annotator "NA"]
[PlyCount "97"]
[EventDate "2019.04.18"]
[EventType "swiss"]
[EventCountry "ESP"]
[SourceTitle "playchess.com"]
[Source "ChessBase"]
[SourceQuality "1"]
[TimeControl "5400+30"]

1. e4 g6 2. d4 Bg7 3. Nc3 d6 4. Be3 a6 5. Qd2 b5 6. f3 Nd7 7. Nh3 Bb7 8. a4 c6 9. Be2 Ngf6 10. O-O O-O 11. Nf2 Rc8 12. Rfc1 Qc7 13. Ncd1 e5 14. c4 exd4 15. Bxd4 b4 16. b3 c5 17. Bb2 Rfe8 18. Nd3 Ne5 19. N1f2 Nfd7 20. Rd1 Nxd3 21. Nxd3 Ne5 22. Nf2 Rcd8 23. Rab1 Nc6 24. Bxg7 Kxg7 25. Ng4 Qe7 26. Qh6+ Kh8 27. Bd3 Bc8 28. Ne3 Qf8 29. Qxf8+ Rxf8 30. Nc2 Kg7 31. Kf2 f6 32. Be2 Kf7 33. f4 Bb7 34. Bf3 Rfe8 35. Rd3 Na5 36. Re1 Re7 37. e5 Bxf3 38. Kxf3 fxe5 39. fxe5 Rxe5 40. Rxe5 dxe5 41. Rxd8 Nxb3 42. Ke4 Ke7 43. Rb8 Na5 44. Kd5 Kd7 45. Kxc5 b3 46. Na1 e4 47. Nxb3 e3 48. Nxa5 e2 49. Rb1 1-0

[Event "CAT-ch Open-Women 2019"]
[Site "Platja de la Pineda"]
[Date "2019.04.21"]
[Round "7.4"]
[White "Esplugas Esteve, Vicenc"]
[Black "Sosa Tomas, Valentin"]
[Result "1-0"]
[WhiteElo "2297"]
[BlackElo "2508"]
[Annotator "TA"]
[PlyCount "83"]
[EventDate "2019.04.18"]
[EventType "swiss"]
[EventCountry "ESP"]
[SourceTitle "playchess.com"]
[Source "ChessBase"]
[SourceQuality "1"]

{[%evp 17,89,34,58,64,105,67,86,78,79,95,95,0,0,0,0,0,18,13,21,28,16,8,47,36,55,7,33,-20,79,84,79,82,226,196,207,218,283,279,395,208,795,779,828,812,772,707,701,706,685,697,724,678,632,630,743,722,756,748,862,847,1114,1100,1016,2033,1905,1971,1616,1735,1544,1440,7470,7441,6006,5214]} 1. d4 Nf6 2. c4 g6 3. Nc3 Bg7 4. e4 O-O 5. Nf3 d6 6. Be2 e5 7. O-O Nbd7 8. Re1 c6 9. Bf1 h6 10. d5 {E95: King's Indian: Classical: 7...Nbd7 8 Re1} (10. Rb1 Nh7 11. dxe5 dxe5 12. b4 a5 13. b5 Qe7 14. Na4 Rd8 15. Qb3 Nhf8 16. Ba3 Qf6 17. bxc6 bxc6 18. Nb6 {0-1 (35) Wojtaszek,R (2727)-Movsesian,S (2653) Huaian 2016}) 10... c5 11. a3 Ne8 12. g3 {White is better.} Nc7 13. b4 a5 14. Bd2 (14. bxa5 $16 Rxa5 15. Bd2) 14... axb4 $11 15. axb4 Rxa1 16. Qxa1 cxb4 17. Nb5 Nc5 18. Bxb4 {[#] And now Ba5 would win.} N7a6 $146 19. Ba5 $36 {[%mdl 2048] White has good play.} Qd7 20. Nd2 h5 21. Bc3 Bh6 22. Na7 ({White should play} 22. Qa2 $14) 22... f5 (22... Bxd2 $11 {keeps the balance.} 23. Bxd2 Nb3) 23. Bh3 $16 Nd3 {Threatens to win with ...Nxf2!} 24. Rf1 Qf7 (24... Nxf2 $16 25. Rxf2 Be3 26. Nxc8 Qxc8) 25. Nxc8 $18 Rxc8 26. exf5 $1 gxf5 {[#]} 27. Ne4 $1 {[%cal Re4d6][%mdl 512]} Rd8 {[#]} (27... Bf8 {is a better defense.} 28. f4 Rxc4) (27... fxe4 28. Be6) 28. Qb1 (28. f4 $142 $1 {[%mdl 512]}) 28... fxe4 $2 (28... Nac5) 29. Be6 {White is clearly winning.} Nac5 30. Bxf7+ Kxf7 31. Qd1 Kg6 32. Bd2 Nb2 33. Qc2 Bxd2 34. Qxb2 Bh6 35. Qb6 Rd7 36. Ra1 e3 37. Ra8 e4 38. Kf1 exf2 39. Rd8 e3 40. Rxd7 Nxd7 41. Qxd6+ Nf6 42. Ke2 {Played: Qd6-e6} 1-0

[Event "CAT-ch Open-Women 2019"]
[Site "Platja de la Pineda"]
[Date "2019.04.21"]
[Round "7.4"]
[White "Montilla Carrillo, Esteban"]
[Black "Garcia De Blas, Esteban"]
[Result "1/2-1/2"]
[WhiteElo "2178"]
[BlackElo "1989"]
[Annotator "NA"]
[PlyCount "44"]
[EventDate "2019.04.18"]
[EventType "swiss"]
[EventCountry "ESP"]
[SourceTitle "playchess.com"]
[Source "ChessBase"]
[SourceQuality "1"]
[TimeControl "5400+30"]

1. d4 Nf6 2. c4 e6 3. g3 Bb4+ 4. Bd2 c5 5. Bxb4 cxb4 6. Bg2 O-O 7. Nf3 d6 8. Nbd2 Qe7 9. O-O a5 10. a3 Na6 11. Qc2 e5 12. e3 g6 13. Rfe1 Bf5 14. e4 Bg4 15. h3 Bxf3 16. Nxf3 b6 17. Qd2 Rfe8 18. Rad1 Kg7 19. Qd3 Qc7 20. dxe5 dxe5 21. Qd6 Qxc4 22. Qxb6 Qb3 1/2-1/2

[Event "CAT-ch Open-Women 2019"]
[Site "Platja de la Pineda"]
[Date "2019.04.21"]
[Round "7.5"]
[White "Asis Gargatagli, Hipolito"]
[Black "Ventura Bolet, Alexandre"]
[Result "1-0"]
[WhiteElo "2529"]
[BlackElo "2191"]
[Annotator "ChessBase"]
[PlyCount "55"]
[EventDate "2019.04.18"]
[EventType "swiss"]
[EventCountry "ESP"]
[SourceTitle "playchess.com"]
[Source "ChessBase"]
[SourceQuality "1"]
[TimeControl "5400+30"]

1. e4 d5 2. exd5 Nf6 3. Nf3 Nxd5 4. d4 e6 5. g3 c5 6. Bg2 cxd4 7. Nxd4 Be7 8. O-O O-O 9. Qe2 Nc6 10. Nxc6 bxc6 11. c4 Nb6 12. Rd1 Qe8 13. Nc3 Ba6 14. b3 Bf6 15. Bb2 Rb8 16. Ne4 Bxb2 17. Qxb2 Qe7 18. Qe5 Rbd8 19. Qc5 Nc8 20. Qxc6 Bb7 21. Qxb7 Qxb7 22. Nf6+ gxf6 23. Bxb7 Nd6 24. Bc6 e5 25. g4 f5 26. Rd5 f6 27. Rad1 Nf7 28. gxf5 1-0

[Event "CAT-ch Open-Women 2019"]
[Site "Platja de la Pineda"]
[Date "2019.04.21"]
[Round "7.5"]
[White "Campos Cayuelas, Adrian"]
[Black "Ruperez, Miguel"]
[Result "1-0"]
[WhiteElo "2162"]
[BlackElo "2168"]
[Annotator "NA"]
[PlyCount "50"]
[EventDate "2019.04.18"]
[EventType "swiss"]
[EventCountry "ESP"]
[SourceTitle "playchess.com"]
[Source "ChessBase"]
[SourceQuality "1"]
[TimeControl "5400+30"]

1. e4 c5 2. Nf3 e6 3. d4 cxd4 4. Nxd4 Nc6 5. Nxc6 bxc6 6. Bd3 d5 7. O-O Nf6 8. Qe2 Be7 9. Nd2 Qc7 10. b3 O-O 11. Bb2 c5 12. c4 Bb7 13. exd5 exd5 14. Rfe1 Bd8 15. cxd5 Bxd5 16. Ne4 Qc6 17. Nxf6+ Bxf6 18. Bxf6 Rfe8 19. Qh5 g6 20. Qh4 Bxg2 21. Bb5 Rxe1+ 22. Rxe1 Qf3 23. Ba1 Bh1 24. Qg3 Qb7 25. Bf1 Qd5 1-0

[Event "CAT-ch Open-Women 2019"]
[Site "Platja de la Pineda"]
[Date "2019.04.21"]
[Round "7.6"]
[White "Moskalenko, Viktor"]
[Black "Pena Morales, Hugo"]
[Result "1/2-1/2"]
[WhiteElo "2515"]
[BlackElo "2276"]
[Annotator "ChessBase"]
[PlyCount "77"]
[EventDate "2019.04.18"]
[EventType "swiss"]
[EventCountry "ESP"]
[SourceTitle "playchess.com"]
[Source "ChessBase"]
[SourceQuality "1"]
[TimeControl "5400+30"]

1. d4 f5 2. Nc3 Nf6 3. Bg5 e6 4. e4 fxe4 5. Nxe4 Be7 6. Bxf6 Bxf6 7. Nf3 b6 8. Bd3 Bb7 9. Qe2 Nc6 10. c3 O-O 11. h4 e5 12. Nfg5 g6 13. Nxh7 Kxh7 14. h5 Kg7 15. hxg6 Rh8 16. O-O-O Bh4 17. d5 Ne7 18. c4 Nf5 19. Qf3 Bg5+ 20. Kb1 Bf4 21. Rxh8 Qxh8 22. g3 Rf8 23. gxf4 Ne7 24. Rh1 Rxf4 25. Rxh8 Rxf3 26. Rh7+ Kxg6 27. Rxe7 Rxd3 28. Nc3 Ba6 29. Rxd7 Bxc4 30. Rxc7 Bxd5 31. Nxd5 Rxd5 32. Rxa7 Rd1+ 33. Kc2 Rf1 34. Rb7 Rxf2+ 35. Kc3 Rf6 36. Kc4 Rd6 37. a4 e4 38. Re7 Kf5 39. b4 {Ke5} 1/2-1/2

[Event "CAT-ch Open-Women 2019"]
[Site "Platja de la Pineda"]
[Date "2019.04.21"]
[Round "7.7"]
[White "Gomez Anadon, Daniel"]
[Black "Valenzuela Gomez, Fernando"]
[Result "1-0"]
[WhiteElo "2271"]
[BlackElo "2406"]
[Annotator "NA"]
[PlyCount "89"]
[EventDate "2019.04.18"]
[EventType "swiss"]
[EventCountry "ESP"]
[SourceTitle "playchess.com"]
[Source "ChessBase"]
[SourceQuality "1"]
[TimeControl "5400+30"]

1. e4 c6 2. Nc3 d5 3. Nf3 g6 4. d4 Bg7 5. exd5 cxd5 6. Bb5+ Nc6 7. Ne5 Bd7 8. Bxc6 bxc6 9. Nxd7 Qxd7 10. O-O c5 11. dxc5 e6 12. Re1 Ne7 13. Bf4 O-O 14. Qd2 Qb7 15. Rab1 Qb4 16. Bd6 Rfe8 17. a3 Qc4 18. Qd3 Bxc3 19. bxc3 Qa4 20. Rb4 Qxa3 21. g4 Nc6 22. Rb7 Na5 23. Rb4 Nc6 24. Rf4 d4 25. Qe4 Qxc3 26. Rb1 d3 27. cxd3 Rac8 28. Rb7 Qa1+ 29. Kg2 Nd8 30. Rd7 Qa6 31. Kg3 e5 32. Rf6 Re6 33. Rdxf7 Nxf7 34. Rxe6 Qa1 35. Kg2 Qd4 36. Qxd4 exd4 37. Re7 Rc6 38. Re8+ Kg7 39. Bf8+ Kf6 40. f4 Ra6 41. Kf3 h6 42. Ke4 Ra2 43. Kxd4 Rxh2 44. Kd5 h5 45. Re6# 1-0

[Event "CAT-ch Open-Women 2019"]
[Site "Platja de la Pineda"]
[Date "2019.04.21"]
[Round "7.7"]
[White "Guerra Reig, Juan"]
[Black "Gonzalez Vericat, Sergio"]
[Result "0-1"]
[WhiteElo "1996"]
[BlackElo "2122"]
[Annotator "NA"]
[PlyCount "59"]
[EventDate "2019.04.18"]
[EventType "swiss"]
[EventCountry "ESP"]
[SourceTitle "playchess.com"]
[Source "ChessBase"]
[SourceQuality "1"]
[TimeControl "5400+30"]

1. c4 e5 2. Nc3 Nf6 3. g3 d5 4. cxd5 Nxd5 5. Bg2 Nb6 6. d3 Nc6 7. Nf3 Be7 8. O-O O-O 9. a3 Be6 10. b4 a5 11. b5 Nd4 12. Nxd4 exd4 13. Na4 Nxa4 14. Qxa4 Bd5 15. Bxd5 Qxd5 16. Bf4 Bd6 17. Bxd6 Qxd6 18. Rfc1 Rfe8 19. Ra2 Re5 20. Rac2 h5 21. Rxc7 Rxe2 22. Qc4 Qf6 23. Rc8+ Rxc8 24. Qxc8+ Kh7 25. Rf1 Qf3 26. Qc4 Rd2 27. Qxd4 Rxd3 28. Qb2 h4 29. gxh4 Rd6 30. Re1 0-1

[Event "CAT-ch Open-Women 2019"]
[Site "Platja de la Pineda"]
[Date "2019.04.21"]
[Round "7.8"]
[White "Ayats Llobera, Gerard"]
[Black "Fernandez Diaz, Cristian"]
[Result "1/2-1/2"]
[WhiteElo "2363"]
[BlackElo "2237"]
[Annotator "NA"]
[PlyCount "50"]
[EventDate "2019.04.18"]
[EventType "swiss"]
[EventCountry "ESP"]
[SourceTitle "playchess.com"]
[Source "ChessBase"]
[SourceQuality "1"]
[TimeControl "5400+30"]

1. e4 e5 2. Nf3 Nc6 3. Bb5 a6 4. Ba4 Nge7 5. Nc3 g6 6. d4 exd4 7. Nd5 Bg7 8. Bg5 h6 9. Bf6 Bxf6 10. Nxf6+ Kf8 11. O-O d6 12. Nxd4 Kg7 13. Nd5 Nxd5 14. Nxc6 bxc6 15. Bxc6 Nb6 16. Bxa8 Nxa8 17. Qd4+ Qf6 18. Qa7 Qg5 19. Kh1 Bd7 20. c4 Qc5 21. Qxa6 Nb6 22. Qb7 Bc6 23. Qxc7 Rc8 24. Qa7 Ra8 25. Qc7 Rc8 1/2-1/2

[Event "CAT-ch Open-Women 2019"]
[Site "Platja de la Pineda"]
[Date "2019.04.21"]
[Round "7.8"]
[White "Fernandez Fuentes, Fco. Javier"]
[Black "Guix Torres, David"]
[Result "1-0"]
[WhiteElo "2090"]
[BlackElo "1972"]
[Annotator "NA"]
[PlyCount "67"]
[EventDate "2019.04.18"]
[EventType "swiss"]
[EventCountry "ESP"]
[SourceTitle "playchess.com"]
[Source "ChessBase"]
[SourceQuality "1"]
[TimeControl "5400+30"]

1. e4 c5 2. Nf3 g6 3. c3 d5 4. exd5 Qxd5 5. d4 Bg7 6. Na3 Nf6 7. Be2 O-O 8. O-O Na6 9. Be3 Ng4 10. Bf4 cxd4 11. cxd4 Qf5 12. Bg3 Nf6 13. Nc4 Be6 14. Nfe5 Nd5 15. Ne3 Qg5 16. Nxd5 Bxd5 17. h4 Qf6 18. Nd7 Qc6 19. Nxf8 Rxf8 20. Rc1 Qb6 21. b3 Bxd4 22. Bf3 Bxf3 23. Qxf3 Nc5 24. h5 e5 25. Rfd1 e4 26. Qe2 Nd3 27. Rc4 f5 28. Bc7 Bxf2+ 29. Kf1 Qe3 30. Rxd3 exd3 31. Qxf2 Qg5 32. Qd4 gxh5 33. Qd5+ Rf7 34. Be5 1-0